Click the Van Halen Song Title Ending - Statistics

General Stats
  • This quiz has been taken 48 times
  • The average score is 16 of 20
Answer Stats
Hint Answer % Correct
Dance the Night Away
98%
Finish What Ya Started
98%
Hot for Teacher
98%
Can't Stop Lovin' You
98%
Runnin' With the Devil
95%
You Really Got Me
93%
Girl Gone Bad
91%
Ain't Talkin' 'Bout Love
91%
Top of the World
91%
Jamie's Crying
84%
Mean Street
79%
Love Walks In
77%
Ice Cream Man
77%
Atomic Punk
77%
Take Me Back
70%
Dirty Movies
70%
Take Your Whiskey Home
67%
Drop Dead Legs
67%
Little Dreamer
63%
Top Jimmy
60%
No matching quizzes found
Score Distribution
Percent of People with Each Score
Percentile by Number Answered
Your Score History
You have not taken this quiz